000 00601nam a2200241Ia 4500
003 OSt
005 20220912145432.0
006 a|||||r|||| 00| 0
007 ta
008 220909b |||||||| |||| 00| 0 eng d
024 _a66643
037 _cTextual
040 _aCSL
_beng
_cCSL
041 _aeng
082 _aF94, F1.2 CL
100 _aLewkowitsch J.
245 0 _aChemical technology and analysis of oils fats and waxies
260 _c1921
300 _ap.
_ccm.
650 _aFats
942 _hF94, F1.2 CL
_cTEXL
_2CC
999 _c31816
_d31816